Guess the Arctic Monkeys song from the Humbug album by the first line - Statistics

General Stats
  • This quiz has been taken 16 times
    13 since last reset
  • The average score is 9 of 10
Answer Stats
Hint Answer % Correct
Fiendish wonder in the carnival's wake The Jeweller’s Hands
100%
Outside the cafe by the cracker factory Crying Lightning
88%
I heard the truth was built to bend Dance Little Liar
88%
You showed me my tomorrow Fire And The Thud
88%
I was biting the time zone Potion Approaching
88%
Trudging through the morning and the tramp with the trampoline Pretty Visitors
88%
Fools on parade cavort and carry on Secret Door
88%
I thought I saw you in The Battleship Cornerstone
75%
I'm pinned down by the dark Dangerous Animals
75%
If you can summon the strength, tow me My Propeller
75%
No matching quizzes found
Score Distribution
Percent of People with Each Score
Percentile by Number Answered
Your Score History
You have not taken this quiz since the last reset